Statistiques concernant Culture Générale - Série 626

Cliquez ici pour prendre le quiz!

Statistiques générales

  • Ce quiz a été pris 159 fois
  • Le résultat moyen est 6 sur 10

Statistiques - réponses

QuestionRéponse% Correct
Près de quelle ville se trouvait le phare de Pharos, l'une des Sept Merveilles du monde ?Alexandrie
88%
Dans quelle série télévisée culte, Nounours rendait-il visite chaque soir à Nicolas et Pimprenelle ?Bonne nuit les petits
83%
Selon le titre d'un film de Rob Reiner sorti en 1989, qui Harry rencontre-t-il ?Sally
82%
Dans quel sport peut-on faire un "par", un "birdie", un "eagle" ou un "albatros" ?golf
78%
En 1936, l'écrivain Georges Bernanos a publié "Le Journal d'un curé de...campagne
73%
Quel chanteur français se fait désormais appeler : Captain Samouraï Flower ?Pascal Obispo
45%
Qu'est-ce qui peut être "de pilules", "sanguine" ou "de freins" ?plaquette
42%
En 2002, quel Premier ministre français a dit : "Notre route est droite, mais la pente est forte" ?Jean-Pierre Raffarin
38%
En 2006, quel film de Martin Scorsese réunit Leonardo Di Caprio, Matt Damon et Jack Nicholson ?Les Infiltrés
26%
En 1969, quel groupe britannique crée l'opéra-rock "Tommy" ?The Who
25%

Distribution des résultats

Percentile par nombre de réponses

% des personnes avec chaque résultat

Votre développement - résultats

Vous n’avez pas pris ce quiz